Perceptions and practices of teachers towards the use o group work in English language classroom. (Record no. 81675)
[ view plain ]
| 000 -LEADER | |
|---|---|
| fixed length control field | 00443nam a22001337a 4500 |
| 008 - FIXED-LENGTH DATA ELEMENTS--GENERAL INFORMATION | |
| fixed length control field | 171112b xxu||||| |||| 00| 0 eng d |
| 082 ## - DEWEY DECIMAL CLASSIFICATION NUMBER | |
| Classification number | CD13244 |
| 100 ## - MAIN ENTRY--PERSONAL NAME | |
| Personal name | Shrees, Ghan B.Rana |
| 245 ## - TITLE STATEMENT | |
| Title | Perceptions and practices of teachers towards the use o group work in English language classroom. |
| 260 ## - PUBLICATION, DISTRIBUTION, ETC. (IMPRINT) | |
| Place of publication, distribution, etc | Kathmandu: |
| Name of publisher, distributor, etc | T.U, |
| Date of publication, distribution, etc | 2017. |
| 502 ## - DISSERTATION NOTE | |
| Dissertation note | Dissertation |
| Degree type | Master degree in Education(English) |
| Name of granting institution | T.U |
| 650 ## - SUBJECT ADDED ENTRY--TOPICAL TERM | |
| Topical term or geographic name as entry element | Education |
| 942 ## - ADDED ENTRY ELEMENTS (KOHA) | |
| Source of classification or shelving scheme | Dewey Decimal Classification |
| Koha item type | Audio Visual Materials |
No items available.
